000
00360nam a2200145Ia 4500
008
231129s2008||||xx |||||||||||||| ||spa||
020
_a
978-84-7074-186-9
040
_b
spa
082
_a
861.6 F372a
100
_a
Ferrandiz Calvo Carlos
245
0
_a
Amor de poeta
260
_c
2008
264
_a
Fragua
942
_2
ddc
_c
BKS
999
_c
4972
_d
4972